El cristiano y la historia / (Record no. 77381)

MARC details
000 -LEADER
campo de control de longitud fija 00708nam a2200217 i 4500
001 - NÚMERO DE CONTROL
campo de control 77381
003 - IDENTIFICADOR DE NÚMERO DE CONTROL
campo de control ES-MaACL
005 - FECHA Y HORA DE LA ÚLTIMA TRANSACCIÓN
campo de control 20260129170023.0
007 - CAMPO FIJO DE DESCRIPCIÓN FÍSICA--INFORMACIÓN GENERAL
campo de control de longitud fija t|
008 - DATOS DE LONGITUD FIJA--INFORMACIÓN GENERAL
campo de control de longitud fija 041008s1954 sp 001 0 spa d
100 1# - ENTRADA PRINCIPAL--NOMBRE DE PERSONA
Nombre de persona Haecker, Theodor.
9 (RLIN) 61419
245 13 - MENCIÓN DEL TÍTULO
Título El cristiano y la historia /
Mención de responsabilidad, etc. Theodor Haecker ; [traducción de Manuel Garrido].
260 ## - PUBLICACIÓN, DISTRIBUCIÓN, ETC.
Lugar de publicación, distribución, etc. Madrid :
Nombre del editor, distribuidor, etc. Rialp,
Fecha de publicación, distribución, etc. 1954 (
Fabricante Estades)
300 ## - DESCRIPCIÓN FÍSICA
Extensión 168 p. ;
Dimensiones 19 cm.
490 1# - MENCIÓN DE SERIE
Mención de serie Biblioteca del pensamiento actual ;
Designación de volumen o secuencia 29
650 #4 - PUNTO DE ACCESO ADICIONAL DE MATERIA--TÉRMINO DE MATERIA
Término de materia o nombre geográfico como elemento de entrada Filosofía-
Subdivisión de forma Historia.
9 (RLIN) 158248
700 1# - ENTRADA AGREGADA--NOMBRE PERSONAL
Nombre de persona Garrido, Manuel,
Fechas asociadas al nombre 1925-2015
9 (RLIN) 55680
830 1# - PUNTO DE ACCESO ADICIONAL DE SERIE-TÍTULO UNIFORME
Título uniforme Biblioteca del pensamiento actual
Designación de volumen o secuencia 29
9 (RLIN) 181187
852 ## - LOCALIZACIÓN
Ubicación ES-MaACL
Número de control de estantería C-10519
Holdings
Estatus retirado Estado de pérdida Estado de daño No para préstamo Biblioteca de origen Biblioteca actual Ubicación en estantería Fecha de adquisición Fuente de adquisición Total de préstamos Signatura topográfica completa Código de barras Visto por última vez Precio de reemplazo Tipo de ítem Koha
        Biblioteca del Ateneo de Madrid Biblioteca del Ateneo de Madrid Sala Palomar 17/01/2008     C-10519 1080962 23/02/2023 23/02/2023 Libro impreso